000
00305nam a2200109Ia 4500
008
221030s9999 xx 000 0 und d
245
0
_a
Comparative Analysis of HDFC Mutual Funds with ICICI Prudential Fund & Reliance Mutual Fund
260
_b
HDFC
_c
0
300
_a
77
650
_a
Management
942
_c
TH
999
_c
14898
_d
14898